000
00300nam a2200133Ia 4500
003
OSt
005
20231209101952.0
008
170524s9999 xx 000 0 und d
020
_a
8175151919
040
_c
IIMT UNIVERSITY
100
_a
BASANDRA- S.K.
245
0
_a
LOCAL AREA NETWORK
942
_2
ddc
_c
02
999
_c
3464
_d
3464